ბათუმის შოთა რუსთაველის სახელმწიფო უნივერსიტეტის ბიბლიოთეკა

ტაო / (ბიბ.ჩანაწერი № 57940)

000 -ლიდერი
ფიქსირებული სიგრძის საკონტროლო ველი 02840nam a22003857a 4500
003 - საკონტროლო ნომრის იდენტიფიკატორი
საკონტროლო ველი Ge_BSU
005 - ბოლო ოპერაციის თარიღი და დრო
საკონტროლო ველი 20210402174009.0
008 - ფიქსირებული სიგრძის მონაცემთა ელემენტები - ზოგადი ინფორმაცია
ფიქსირებული სიგრძის საკონტროლო ველი 210402s2020 ge ||||| |||| 00| 0 geo d
020 ## - წიგნის საერთაშორისო სტანდარტული ნომერი
International Standard Book Number 9789941258282
041 ## - ენის კოდი
Language code of text/sound track or separate title geo
080 ## - უნივერსალური ათობითი კლასიფიკაციის ინდექსი
Universal Decimal Classification number 94(=353.1)(560) ტ-28
245 ## - ცნობა სათაურის შესახებ
Title ტაო /
Statement of responsibility, etc წიგნის ავტორები: მამია ფაღავა, მერი ცინცაძე, მაია ბარამიძე, მალხაზ ჩოხარაძე, თინა შიოშვილი, რამაზ ხალვაში, ნუგზარ მგელაძე, ზაზა შაშიკაძე, მერაბ ხალვაში, ჯიმშერ ჩხვიმიანი და ჯემალ კარალიძე; რედაქტრი მამია ფაღავა; რეზიუმეს თარგმანი თამარ სირაძე; ბსუ, ჰუმანიტარულ მეცნიერებათა ფაკულტეტი, ქართველოლოგიის ცენტრი.
264 ## - წარმოების, გამოცემის, დისტრიბუციის და სხვა ცნობები
გამოცემის, წარმოების, დისტრიბუციის... ადგილი ბათუმი :
გამოცემის, წარმოების, დისტრიბუციის... სახელწოდება მერიდიანი,
გამოცემის, წარმოების, დისტრიბუციის... თარიღი 2020.
300 ## - ფიზიკური აღწერა
Extent 1214 გვ.:
Other physical details ილ.
Dimensions 30 სმ.
504 ## - BIBLIOGRAPHY, ETC. NOTE
Bibliography, etc ბიბლიოგრ. თავების ბოლოს
653 ## - INDEX TERM--UNCONTROLLED
Uncontrolled term ტაოს ისტორია
653 ## - INDEX TERM--UNCONTROLLED
Uncontrolled term ეთნოლოგია
653 ## - INDEX TERM--UNCONTROLLED
Uncontrolled term ფოლკლორი
653 ## - INDEX TERM--UNCONTROLLED
Uncontrolled term დიალექტოლოგია
700 ## - ADDED ENTRY--PERSONAL NAME
Personal name მამია ფაღავა,
Relator term ავტორი
9 (RLIN) 11042
700 ## - ADDED ENTRY--PERSONAL NAME
Personal name ცინცაძე, მერი
Relator term ავტორი
9 (RLIN) 1857
700 ## - ADDED ENTRY--PERSONAL NAME
Personal name ბარამიძე, მაია
Relator term ავტორი
9 (RLIN) 3189
700 ## - ADDED ENTRY--PERSONAL NAME
Personal name ჩოხარაძე, მალხაზ
Relator term ავტორი
9 (RLIN) 11043
700 ## - ADDED ENTRY--PERSONAL NAME
Personal name შიოშვილი, თინა
Relator term ავტორი
9 (RLIN) 11044
700 ## - ADDED ENTRY--PERSONAL NAME
Personal name ხალვაში, რამაზ
Relator term ავტორი
9 (RLIN) 2151
700 ## - ADDED ENTRY--PERSONAL NAME
Personal name მგელაძე, ნუგზარ
Relator term ავტორი
9 (RLIN) 11045
700 ## - ADDED ENTRY--PERSONAL NAME
Personal name შაშიკაძე, ზაზა
Relator term ავტორი
9 (RLIN) 11046
700 ## - ADDED ENTRY--PERSONAL NAME
Personal name ხალვაში, მერაბ
Relator term ავტორი
9 (RLIN) 11047
700 ## - ADDED ENTRY--PERSONAL NAME
Personal name ჩხვიმიანი, ჯიმშერ
Relator term ავტორი
9 (RLIN) 11048
700 ## - ADDED ENTRY--PERSONAL NAME
Personal name კარალიძე, ჯემალ
Relator term ავტორი
9 (RLIN) 4089
700 ## - ADDED ENTRY--PERSONAL NAME
Personal name ფაღავა, მამია
Relator term რედაქტორი
9 (RLIN) 11049
700 ## - ADDED ENTRY--PERSONAL NAME
Personal name სირაძე, თამარ
Relator term რეზიუმეს მთარგმნელი
9 (RLIN) 11051
710 ## - ADDED ENTRY--CORPORATE NAME
Corporate name or jurisdiction name as entry element ბსუ, ჰუმანიტარულ მეცნიერებათა ფაკულტეტი, ქართველოლოგიის ცენტრი.
9 (RLIN) 11050
942 ## - ADDED ENTRY ELEMENTS (KOHA)
Source of classification or shelving scheme
Koha item type წიგნი
ეგზემპლარები
ჩამოწერის სტატუსი დაკარგული ეგზემპლარის სტატუსი კლასიფიკაციის წყარო ან თაროზე გაწყობის სქემა დაზიანების სტატუსი არ გაიცემა მუდმივი მდებარეობა (დაცვის ადგილი) ამჟამინდელი ადგილსამყოფელი თაროზე განთავსების ადგილი შეძენის თარიღი ღირებულება, შესყიდვის ნორმალური ფასი სრული შენახვის შიფრი შტრიხკოდი ბოლო ოპერაციის თარიღი ეგზემპლარის მიმდევრობითი ნომერი (კეტერი?) ფასის ძალაში შესვლის თარიღი ეგზემპლარის სახეობა საჯარო შენიშვნა
          ბათუმის შოთა რუსთაველის სახელმწიფო უნივერსიტეტის მთავარი ბიბლიოთეკა ბათუმის შოთა რუსთაველის სახელმწიფო უნივერსიტეტის მთავარი ბიბლიოთეკა წიგნსაცავი 2021-04-02 40.00 94(=353.1)(560) ტ-28 61299 2021-04-02 61299 2021-04-02 წიგნი 40 ლ.
          ბათუმის შოთა რუსთაველის სახელმწიფო უნივერსიტეტის მთავარი ბიბლიოთეკა ბათუმის შოთა რუსთაველის სახელმწიფო უნივერსიტეტის მთავარი ბიბლიოთეკა წიგნსაცავი 2021-04-02 40.00 94(=353.1)(560) ტ-28 61298 2021-04-02 61298 2021-04-02 წიგნი 40 ლ.